[Event "EuroTel Trophy"]
[Site "Prague"]
[Date "1998.09.09"]
[Round "3"]
[White "Kasparov, Garry"]
[Black "Timman, Jan H"]
[Result "1-0"]
[WhiteElo "2815"]
[BlackElo "2655"]
[Annotator "Golod,Vitali"]
[PlyCount "51"]
[EventDate "1998.09.06"]
[EventType "match"]
[EventRounds "6"]
[EventCountry "CZE"]
[SourceTitle "CBM 067"]
[Source "ChessBase"]
[SourceDate "1998.11.30"]
[SourceVersion "2"]
[SourceVersionDate "1998.11.01"]
[SourceQuality "1"]

{[%mdl 14460]} 1. d4 Nf6 2. c4 e6 3. Nc3 Bb4 4. Qc2 O-O 5. a3 Bxc3+ 6. Qxc3 b6 7. Bg5 c5 ({Another line is:} 7... Bb7) 8. e3 $5 (8. dxc5 {See comments to Kasparov,G-Timman,J(3round),Prague1998(cbm67),1/2-1/2 (28) Golod,V}) 8... d6 ({Black has several options:} 8... h6 $5) (8... Bb7 $5) (8... Nc6 $5) (8... cxd4 $5) ({RR} 8... Bb7 9. Ne2 h6 10. Bh4 d6 11. dxc5 bxc5 12. O-O-O Nbd7 13. f3 d5 14. cxd5 exd5 15. Qd2 Qb6 16. Nc3 Bc6 17. Kb1 Rab8 18. Ka1 d4 19. exd4 cxd4 20. Na2 Nc5 21. Nc1 Bd5 22. b4 a5 23. Bxf6 {Bok,B (2583)-Erigaisi,A (2801) chess.com INT 2025 0-1}) ({RR} 8... h6 9. Bh4 cxd4 10. exd4 d5 11. cxd5 g5 12. Bg3 Nxd5 13. Qd2 Nc6 14. Nf3 f5 15. Be5 Nxe5 16. Nxe5 Qf6 17. Bb5 Rd8 18. Bc6 Rb8 19. O-O Ne7 20. Rfe1 Ng6 21. Qc3 Nxe5 22. Rxe5 Bb7 23. Bxb7 {Gershon,A (2430)-Postny,E (2551) Israel ISR 2025 ½-½ (38)}) 9. Bd3 $5 ({worse:} 9. f3 Nbd7 10. dxc5 bxc5 11. Nh3 Qb6 12. Rd1 h6 13. Bh4 d5 14. Bf2 Ba6 15. Rd2 Rfd8 16. Be2 Bxc4 17. Bxc4 dxc4 18. O-O Qb3 {And black is better,0-1 Maksimenko,A-Dautov,R/Leningrad 1989/TD 89\09 (28)}) (9. dxc5 $5 bxc5 (9... dxc5 $143 $14) 10. O-O-O Ne4 11. Qd3 {See-8.dxc5}) 9... cxd4 $6 $146 {After this move white has strong pawn centre} ({Better:} 9... Nbd7 10. Ne2 Ba6 11. Rc1 Rc8 12. Qd2 Re8 13. Ng3 $6 cxd4 14. exd4 d5 $15 {0-1 Sleisz,T-Mochalov,E/Eger 1993/EXT 93op (60)}) 10. exd4 d5 $146 (10... Bb7 $5 11. Nf3 h6 {d5}) ({RR} 10... Bb7 11. Ne2 h6 12. Bf4 d5 13. c5 bxc5 14. Qxc5 Nbd7 15. Qc7 Qxc7 16. Bxc7 Rfc8 17. Rc1 Ne8 18. Bg3 Nb6 19. b3 Rxc1+ 20. Nxc1 Rc8 21. Kd2 Kf8 22. Ne2 Ke7 23. Rb1 Nd6 24. f3 Nd7 25. Rc1 {Zhuravlev,S (2227)-Tyurin,A (2052) Moscow 2020 ½-½ (31)}) ({RR} 10... Bb7 11. Ne2 h6 12. Bf4 d5 13. c5 bxc5 14. Qxc5 Nbd7 15. Qc7 Qxc7 16. Bxc7 Rfc8 17. Rc1 Ne8 18. Bg3 Nb6 19. b3 Rxc1+ 20. Nxc1 Rc8 21. Kd2 Kf8 22. Ne2 Ke7 23. Rb1 Nd6 24. f3 Nd7 25. Rc1 {Zhuravlev,S (2227)-Tyurin,A (2052) Moscow 2020 ½-½ (31)}) 11. cxd5 $1 Qxd5 {[%csl Rg2,Rg5]} (11... exd5 $6 12. Nf3 $5 (12. Ne2) 12... Re8+ 13. Ne5 Nbd7 14. O-O Nxe5 $6 15. dxe5 d4 16. Qe1 {(17.f6 gf6 18.e4)} Bb7 17. f3 $1 $16 {[%csl Ge1,Yg3,Yh4][%cal Ge1g3,Ge1h4]}) (11... Nxd5 $2 12. Bxh7+ Kh8 $8 (12... Kxh7 13. Qh3+) 13. Qg3 $1 f6 14. Bg6 $18) 12. Bxf6 $1 (12. Nf3 $2 Ne4 13. Bxe4 Qxe4+ 14. Qe3 Bb7 {=/}) 12... gxf6 (12... Qxg2 $5 13. Be2 $1 {[%cal Ge2f3]} (13. Bf1 $2 Qxh1 14. Qg3 Qe4+ (14... g6 $5) 15. Ne2 Qg6 16. Qxg6 hxg6 17. Bg2 gxf6 18. Bxa8 $17) (13. Ne2 $4 Qxh1+ 14. Kd2 Qxa1 15. Bxh7+ Kxh7 16. Qh3+ Kg8 17. Qg3 Qxb2+ 18. Kd1 Qb1+ 19. Kd2 Qg6 $19) (13. Nh3 $2 Qxh1+ 14. Kd2 Qxh2 $1 $17 (14... Qxa1 $2 15. Bxh7+ Kxh7 (15... Kh8 $4 16. Bc2 $1 $18 {[%cal Gc3g3,Yc3d3]}) 16. Qd3+ Kg8 17. Ng5 Qxb2+ 18. Kd1 Qb3+ 19. Qxb3 gxf6 20. Qg3 fxg5 21. Qxg5+ $11)) (13. O-O-O $4 Bb7 $1 {[%cal Gf8c8]} 14. Ne2 Rc8 15. Rhg1 Rxc3+ 16. bxc3 Qxf2 17. Rxg7+ Kf8 $19) 13... Bb7 {This is the best move!} (13... Ba6 $143 14. Kd2 $1 gxf6 (14... Qxf2 15. Rf1 Qg2 16. Be5 $16 {[%cal Gc3g3]}) (14... Qxh1 $2 15. Qg3 g6 16. Bf3 $18) 15. Nh3 Kh8 16. Rag1 Qd5 (16... Qc6 17. Qxc6 Nxc6 18. Bxa6 Nxd4 $18) 17. Bf3 $16) (13... Qxh1 $4 14. Qg3 g6 15. Bf3 $18) 14. Bxg7 Qxh1 (14... Rc8 $143 15. Qxc8+ Bxc8 16. Bf3 Qxg7 (16... Bb7 $2 17. Bxg2 Bxg2 18. Be5 Bxh1 19. f3 $16 {[%csl Rh1][%cal Ge1f2,Gg1e2]}) 17. Ne2 $1 $14 {[%csl Gd4,Ye2][%cal Ye2d4] (white has strong initiative)}) 15. Qg3 Qg2 (15... Qe4 $144 16. Bh6+ Qg6 17. Bxf8 Qxg3 (17... Kxf8 18. Rc1 $14) 18. hxg3 Kxf8 19. Rc1 $14) 16. Bxf8+ Qxg3 (16... Kxf8 17. Rc1 $14) 17. hxg3 Kxf8 18. Rc1 Nc6 19. Bf3 Rc8 20. Ne2 $14) 13. Ne2 $1 $14 {g3(f4),e4} Rd8 $4 {This move is very weak} (13... Bb7 $5 $14) (13... Ba6 $6 14. Nf4 Qb7 $8 (14... Qg5 15. Be4 Rc8 (15... Qxf4 16. Bxa8 Rc8 17. Qd2 $18) 16. Qf3 $18) 15. O-O $40) 14. Ng3 Qxd4 (14... f5 $144 15. Be2 $1 {[%csl Ra8,Rd5][%cal Ge2f3]} (15. Nh5 $2 Qxd4) 15... Bb7 (15... Qxd4 $2 16. Bf3 $1 (16. Qxd4 $5 Rxd4 17. Bf3 Rd5 18. Bxd5 exd5 $18) 16... Qxc3+ 17. bxc3 Rd5 18. c4 Re5+ 19. Kd2 $18) 16. Bf3 Qd7 17. Nh5 Qe7 (17... Kf8 18. Qb4+ $1) 18. Bxb7 Qxb7 19. d5 $18) (14... Bb7 $144 15. Be4 Qd7 16. Nh5 $1 $18) 15. Be4 Qxc3+ $8 16. bxc3 Rd5 17. Rd1 $1 $18 ({Worse} 17. Bxd5 exd5 18. Rd1 {because of} Be6 $16 (18... Bb7 $2 19. O-O $18)) (17. c4 $6 Re5 18. O-O-O Rxe4 19. Nxe4 Kg7 $16) 17... Bb7 18. Bxd5 Bxd5 (18... exd5 $143 19. O-O $18) 19. Nh5 $1 {[%csl Rf6]} Nd7 $8 20. c4 Bc6 21. Rxd7 $1 Bxd7 22. Nxf6+ Kg7 (22... Kf8 23. Nxd7+ Ke7 24. Ne5) 23. Nxd7 f6 {[%cal Ga8d8,Yf6e5]} 24. Ke2 Rc8 {c7;f7-e7(פd7)} 25. Rc1 $1 {[%cal Gc4c5]} Rc7 (25... Kf7 26. c5 Ke7 27. cxb6 Rxc1 28. bxa7 Rc8 29. Nb8 $18) 26. Nb8 1-0

[Event "Linares 11th"]
[Site "Linares"]
[Date "1993.??.??"]
[Round "7"]
[White "Kasparov, Garry"]
[Black "Timman, Jan H"]
[Result "1-0"]
[WhiteElo "2805"]
[BlackElo "2635"]
[PlyCount "105"]
[EventDate "1993.02.??"]
[EventType "tourn"]
[EventRounds "13"]
[EventCountry "ESP"]
[EventCategory "18"]
[SourceTitle "CBM 034"]
[Source "ChessBase"]
[SourceDate "1993.06.01"]
[SourceVersion "1"]
[SourceVersionDate "1993.06.01"]
[SourceQuality "1"]

1. d4 {Piket,Jeroen} Nf6 2. c4 e6 3. Nc3 Bb4 4. Qc2 O-O 5. a3 Bxc3+ 6. Qxc3 b6 7. Bg5 Bb7 8. f3 d5 9. e3 Nbd7 10. cxd5 exd5 11. Bd3 Re8 12. Ne2 h6 13. Bh4 c5 14. O-O Rc8 ({RR} 14... Qe7 15. Bf2 a5 ({RR} 15... Rac8 {RR} 16. Rad1) 16. b4 ({RR} 16. a4) ({RR} 16. Rae1 c4 17. Bb1 b5 18. Ng3 b4 19. axb4 axb4 20. Qd2 Ba6 21. Nf5 Qf8) ({RR} 16. Rad1 c4 17. Bb1 b5 18. Ng3 b4 19. axb4 axb4 20. Qd2 ({RR} 20. Qc2) 20... Ba6 21. Rfe1) 16... axb4 ({RR} 16... cxb4 17. axb4 Rec8 18. Qb2 Qxb4 19. Qxb4 axb4 20. Rxa8 Rxa8 21. Rb1 Ra3 22. Nc1) 17. axb4 c4 ({RR} 17... cxb4 18. Qc7 Rab8 19. Ng3 Rec8 20. Qf4) 18. Bc2 b5 19. Qb2 ({RR} 19. g4 Nb6) ({RR} 19. Ng3 Nb6) 19... Bc6 20. Nc3 Nb6 21. Ra5 Na4 ({RR} 21... Rxa5 22. bxa5 Na8 ({RR} 22... Na4 23. Bxa4 bxa4 24. Qb6 Qd6 25. a6 ({RR} 25. Bg3 Qa3) ({RR} 25. Nxa4 Nd7 26. Qa6 Ra8) 25... Rb8 26. Qa5) 23. Nxb5 Qb7 ({RR} 23... Rb8 24. Qa3) 24. Rb1 Rb8 25. Bg3 Qxb5 26. Bxb8) 22. Bxa4 bxa4 23. Rc5 ({RR} 23. Ra1 Rxa5 24. bxa5 Qa7) 23... a3 24. Qd2 ({RR} 24. Qc2) 24... Rec8 25. Bh4 g5 26. Bg3 Nd7 27. Ra1 ({RR} 27. b5 Nxc5 28. dxc5 a2 29. Ra1 Bxb5 30. Nxb5 Rxc5 31. Nc3 Qf6) ({RR} 27. Rxc6 Rxc6 28. b5 Rcc8 29. Nxd5) ({RR} 27. Nxd5 Bxd5 28. Rxd5 c3) 27... Nxc5 28. dxc5 Re8 ({RR} 28... Qb7 29. Rb1 ({RR} 29. Qd4 Qxb4 30. Qf6 Re8) 29... Qa6 30. Be5) 29. Kf2 {Piket,J (2615)-Karpov,A (2710) Monte Carlo 1999 CBM 070 [Piket,Jeroen] ½-½ (52)} {RR} Qb7) 15. Qd2 Qe7 16. Bf2 Bc6 $146 ({RR} 16... g6 17. Nc3 Qf8 18. Rad1 Nb8 19. Bb5 Re6 20. Qd3 a6 21. Ba4 b5 22. Bc2 c4 23. Qd2 Qe8 24. b4 cxb3 25. Bxb3 Qe7 26. Nb1 Rec6 27. e4 dxe4 28. Qxh6 Rc4 29. Bxc4 bxc4 30. Qe3 Qd7 31. fxe4 {Juodeika,R (2200)-Lasinskas,P (2150) Vilnius 1996 ½-½ (51)}) ({RR} 16... c4 17. Bc2 Nf8 18. Nc3 a6 19. Rfe1 Rcd8 20. h3 Ne6 21. Rad1 b5 22. e4 dxe4 23. fxe4 Ng5 24. d5 Nd7 25. Qf4 Ne5 26. Bb6 Rd7 27. Bd4 f6 28. Ne2 Rdd8 29. Ng3 Bc8 30. Bb6 Bxh3 31. Bxd8 {Loiacono,L (2303)-Peng,L (2549) chess.com INT 2023 0-1 (39)}) ({RR} 16... Nf8 17. b4 Ne6 18. bxc5 bxc5 19. Qa5 c4 20. Bf5 Qc7 21. Qxc7 Rxc7 22. Nc3 Bc6 23. Rfb1 g6 24. Bc2 Nd8 25. Rb4 Rb7 26. Rab1 Ree7 27. Rxb7 Rxb7 28. Rxb7 Nxb7 29. e4 dxe4 30. fxe4 Bd7 31. d5 {Brooks,P (2192)-Bansal,R (1971) London 2017 1-0 (35)}) 17. Nc3 Nf8 18. Rfe1 Ne6 19. Bh4 Ng5 20. Bf5 Bd7 21. Bc2 Bc6 22. Rad1 Qe6 23. Qf2 Rcd8 24. h3 Ngh7 25. dxc5 bxc5 26. e4 dxe4 27. Rxd8 Rxd8 28. Qxc5 Ng5 29. Bxg5 hxg5 30. Qxg5 Qc4 31. fxe4 Qd4+ 32. Qe3 Qxe3+ 33. Rxe3 Rd2 34. Re2 Rxe2 35. Nxe2 Nxe4 36. Bxe4 Bxe4 37. Kf2 Kf8 38. g3 Ke7 39. Ke3 Bc6 40. h4 Bd7 41. Kf4 Kd6 42. g4 f6 43. h5 Ke7 44. Nd4 Kf7 45. b4 Ba4 46. Nf5 g6 47. Nd6+ Kg7 48. Nc8 a6 49. Nd6 Bd1 50. Ne8+ Kf7 51. Nxf6 Kxf6 52. g5+ Kf7 53. h6 1-0

[Event "Novgorod"]
[Site "Novgorod"]
[Date "1995.06.05"]
[Round "9"]
[White "Kasparov, Garry"]
[Black "Timman, Jan H"]
[Result "1/2-1/2"]
[WhiteElo "2805"]
[BlackElo "2635"]
[Annotator "Hansen,Curt"]
[PlyCount "65"]
[EventDate "1995.05.??"]
[EventType "tourn"]
[EventRounds "9"]
[EventCountry "RUS"]
[EventCategory "17"]
[SourceTitle "CBM 048"]
[Source "ChessBase"]
[SourceDate "1995.10.01"]
[SourceVersion "1"]
[SourceVersionDate "1995.10.01"]
[SourceQuality "1"]

1. d4 {Dolmatov Dautov} Nf6 2. c4 e6 3. Nc3 Bb4 4. Qc2 d5 5. cxd5 exd5 6. Bg5 h6 7. Bh4 c5 8. dxc5 g5 (8... Nbd7 9. O-O-O Qa5 10. Nxd5 Nxd5 11. Qe4+ $16 {Najdorf,M-Foerder,H/Buenos Aires ol f-A (04) ,HCL 37 1939/1-0 (51)}) (8... O-O $6 9. e3 (9. O-O-O Bxc3 10. Qxc3 g5 11. Bg3 Bf5 12. f3 Nbd7 13. Bd6 Rc8 14. e4 Bxe4 15. Bd3 Nxc5 16. Bxc5 b6 17. Kb1 Rxc5 18. Qd2 Bxd3+ {[%emt 0:00:46] ½-½ Relange,E-Sosonko,G/Cannes op (02) ,EXP 1995}) 9... Nbd7 (9... Nc6 10. Nf3 g5 11. Bg3 Qa5 12. Bd3 Re8 $6 13. O-O Qxc5 14. Nb5 $5 Qxc2 15. Bxc2 $16 {Bloch-Erofeev, USSR 1982}) 10. Bd3 Qa5 11. Nge2 Bxc3+ 12. Qxc3 Qxc3+ 13. Nxc3 Nxc5 14. Bc2 g5 15. Bg3 Be6 16. f3 a6 17. h4 Rfc8 18. hxg5 hxg5 19. O-O-O Ncd7 20. Kb1 Kg7 21. Bb3 $16 {Kasparov,G-Kortschnoj,V/Tilburg 48/(739) 1989}) (8... Nc6 9. O-O-O $5 (9. e3 O-O (9... g5 10. Bg3 Ne4 11. Nf3 (11. Bd3 Bxc3+ 12. bxc3 Nxc5 13. Ne2 Be6 14. Rb1 $14 {0-1 Bayram,Y-Kolev,At/Balkaniad-men (02) 1993 (42)}) 11... Qf6 12. Rc1 (12. Bb5 $1 Nxc3 (12... Nxg3 13. hxg3 $14) (12... O-O 13. O-O Nxc3 14. bxc3 Qxc3 15. Qxc3 Bxc3 16. Rac1 $14) 13. Bxc6+ bxc6 $2 (13... Qxc6 14. bxc3 Bxc5 15. O-O $14) 14. a3 $1 g4 $1 (14... Bf5 15. Qd2 $16) 15. Be5 $1 $16 {1-0 Kasparov,G-Spassky,B/Linares 49/666 1990 (29)} (15. Nd4 Nb5+ $13)) 12... Bf5 13. Bd3 h5 14. h4 g4 15. Ng5 Nxc3 16. bxc3 Qxc3+ 17. Qxc3 Bxd3 18. Bd6 Bf5 19. f3 Bxc3+ 20. Rxc3 f6 21. fxg4 Bxg4 22. Nf3 {= Gelfand,B-Balashov,J/URS CH 1989}) 10. Nf3 d4 11. O-O-O Qa5 12. Bxf6 dxc3 13. Bxc3 Qxa2 14. Bb5 Bxc3 15. Qxc3 Be6 $44 {0-1 Chabanon,J-Sokolov,A/Cannes op (02) ,EXP 46 1995 (34)}) 9... g5 (9... Bxc3 $2 10. Qxc3 d4 11. Qa3 $1 Qe7 12. Nf3 O-O 13. Nxd4 Nxd4 14. Rxd4 Be6 15. Bg3 Rfc8 16. Bd6 Qd8 17. e3 Ne4 18. Rxe4 Qxd6 19. Rc4 $1 Qe7 20. Rc3 $18 {Bloch-Zier, corr. 1990/92}) 10. Bg3 Bxc3 $6 (10... O-O $2 11. Nxd5 $1 Nxd5 12. e4 Nce7 $8 13. Kb1 $6 Bxc5 $1 14. Bc4 $1 $16 {Bloch-Gubin, USSR 1983}) (10... Qa5 $5 11. e3 Be6 12. Nf3 $5) 11. Qxc3 d4 12. Qa3 O-O 13. e3 b6 $5 14. exd4 (14. Nf3 $6 bxc5 $1 15. Qxc5 $6 Be6 $1 16. Nxd4 $2 Nxd4 $1 17. Qxd4 Qa5 $1 $40) 14... Be6 {Bloch,MW-Prokofiev,AV/corr/1992 (26)} (14... Nxd4 $2 15. Nf3 $1 bxc5 16. Qxc5 $18) 15. Ba6 $1 $16) 9. Bg3 Ne4 (9... Nc6 10. e3 Ne4 11. Nf3 (11. Bd3 $5 Nxc3 (11... Nxc5 $6 12. Nge2 d4 13. exd4 Nxd4 14. Nxd4 Qxd4 15. Bb5+ $16) (11... Bxc3+ 12. bxc3 Nxc5 13. Ne2 Nxd3+ 14. Qxd3 $14) (11... Qa5 12. Nge2 $14) (11... Nxg3 $1 12. hxg3 d4 13. exd4 Qxd4 14. Nge2 Qxc5 15. O-O Be6 $13) 12. bxc3 Qf6 13. Ne2 Bxc5 14. h4 $1 (14. Nd4 $14) 14... Bd7 (14... Nb4 $2 15. Bb5+ Kf8 16. Qd1 $16) (14... Be6 $6 15. Rb1 O-O-O 16. Qa4 $40 Ne5 17. Bxe5 Qxe5 18. Ba6 $1 Bb6 19. Qc6+ Qc7 20. Bxb7+ Kb8 21. Qxc7+ Kxc7 22. Ba6 $16) (14... Kf8 15. Qb3 $16) 15. Qb3 Ne5 (15... Nb4 16. Bb1 $16) (15... O-O-O 16. Qxd5 Be6 17. Qxc5 Rxd3 18. Nd4 $16) 16. Bxe5 (16. Qxd5 Nxd3+ 17. Qxd3 Bc6 18. Kf1 Rd8 19. Nd4 $16) 16... Qxe5 17. hxg5 (17. Qxb7 $6 Rb8 18. Qa6 Rb6 19. Qa5 Bb4 20. Qxa7 Bxc3+ 21. Kf1 Rb4 $44) 17... hxg5 18. Rxh8+ Qxh8 19. Qxb7 $16 {Glek,I-Podzielny,K/Bonn GSK (02) ,CBM 45 1995/½-½ (59)}) 11... Qa5 (11... Qf6 {Dolmatov} 12. Bb5 Nxc3 13. Bxc6+ bxc6 $6 14. a3 g4 15. Be5 Ne4+ 16. axb4 Qf5 17. Bxh8 gxf3 18. Rg1 $16 {Kasparov,G-Spassky,B/Linares/1990/}) 12. Nd2 Nxc3 { d4} (12... Bxc3 13. bxc3 Qxc3 14. Qxc3 Nxc3 15. f3 Bf5 16. Kf2 O-O 17. h4 Rfe8 18. hxg5 hxg5 19. Nb3 Kg7 $13 {Kortschnoj,V-Portisch,L/Amsterdam/1990/}) (12... Nxd2 $5 {Maksimovic,B} 13. Qxd2 Be6 { 0-0-0, d4} 14. Rc1 $6 (14. Bb5 {Maksimovic,B}) 14... d4 $1 15. exd4 O-O-O $44 { Drasko,M-Maksimovic,B/YUG 52/558/1991/}) (12... Be6 {Maksimovic,B} 13. Nb3 $1 Bxc3+ 14. bxc3 Qxc3+ 15. Qxc3 Nxc3 16. f3 $14) (12... Bf5 {Maksimovic,B} 13. Bd3 $14) (12... Nxc5 $5 {Maksimovic,B  d4} 13. Nxd5 (13. Bb5 $1 Bxc3 14. Bxc6+ $8 (14. Qxc3 $2 Qxb5 15. Qxh8+ Ke7 $19 {×d3}) 14... bxc6 15. bxc3 $1 (15. Qxc3 Qxc3 16. bxc3 $10) 15... Ba6 16. Nb3 $8 Qa4 $5 (16... Nxb3 17. Qxb3 Qb5 18. O-O-O { h4}) 17. Rd1 {Atalik,S-Maksimovic,B/Iraldion 59/(593)/1993} Qe4 $10) 13... Be6 $1 (13... Bf5 $6 14. Qxf5 Bxd2+ 15. Ke2 $16) 14. Nc3 $1 { 15.c4, 15.c4} (14. Nc3 O-O-O $40)) 13. bxc3 Bxc3 14. Rb1 Qxc5 (14... a6 15. Bd6 $16 {Glek,I-Jurerov/URS/1989/}) 15. Rb5 Qa3 16. Rb3 (16. Rxd5 Be6 17. Rd3 Nb4 (17... Bxd2+ 18. Rxd2) 18. Qxc3 Nxd3+ 19. Qxd3 Qc1+ 20. Ke2 O-O (20... Rd8 21. Qb5+ Rd7 22. Bd6) 21. Nb3 Qb2+ 22. Qd2 Qb1 23. f3 Bxb3 24. axb3 Rfd8 $19) 16... Bxd2+ 17. Qxd2 Qa5 18. Qxa5 $1 {N} (18. Bb5 Qxd2+ 19. Kxd2 Bd7 $15 {Spassky,B-Fischer,R/m(10)/1992}) 18... Nxa5 19. Rb5 Nc6 (19... b6 $142) 20. h4 $1 $16 {Sherbakov,R-Lyrberg,P/Jyvaskyla 61/579 1994 (49)} (20. Rxd5 Be6 21. Rd2 O-O $5 { fd8})) 10. e3 Qa5 (10... Qf6 11. Bb5+ Bd7 (11... Nc6 12. Nge2 a6 13. Bd3 Nxc5 14. a3 Be6 15. O-O $16 {Falchetta,Giovanni-Magalotti,Andrea/Forli op (06) 1991 (36)}) 12. Bxd7+ Nxd7 13. Nge2 Bxc3+ 14. bxc3 O-O 15. Rd1 Qe6 16. h4 g4 17. Bd6 Nxd6 18. cxd6 Qxd6 19. e4 Rae8 20. Rxd5 Qe6 21. Rd4 Nc5 $44 { Goldin,A-Lautier,J/Palma de Mallorca (GMA) 48/(739) 1989}) 11. Nge2 (11. Be5 O-O 12. Bd3 Nc6 13. Bxe4 Nxe5 14. Bxd5 (14. Bh7+ $6 Kg7 15. Bd3 d4 (15... Bg4 16. Nge2 Bxe2 17. Bxe2 Rac8 18. O-O Bxc3 19. bxc3 Qxc5 $10 {Ryskin,A-Pushkov,N/Sochi 1993 (34)}) 16. exd4 Nxd3+ (16... Bxc3+ 17. bxc3 Nxd3+ 18. Qxd3 Bf5 19. Qc4 $8 (19. Qf3 $2 Rfe8+ 20. Ne2 Bg4 21. Qxg4 Qxc3+ $19) (19. Qd2 Rfe8+ 20. Ne2 Qa6 21. Rd1 Re7 { ae8-+}) 19... Rfe8+ 20. Kd2 $8 (20. Ne2 $2 b5 21. cxb6 Rac8 22. Qb4 Qxb4 23. cxb4 Bd3) 20... b5 $13 {Sokolov,I-Short,N/Wijk (op) 62/558 1995 (63)} (20... Qa3 21. Qb5 $1 $13)) 17. Qxd3 Re8+ 18. Nge2 b6 $132) 14... Bg4 $1 $10 15. Nf3 Bxf3 16. Bxf3 Nxf3+ 17. gxf3 Rac8 18. O-O {½-½ Kasparov,G-Short,N/London (m/5) 59/(593) 1993}) 11... Nc6 (11... Bf5 12. Be5 $1 (12. Qc1 Nd7 13. Bd6 Ndxc5 14. Bxc5 Qxc5 15. a3 Bxc3+ 16. Nxc3 Nxc3 17. Qxc3 Qxc3+ {½-½ Relange,E-Ward,C/Paris-London (02) 1994}) 12... O-O (12... Nxc3 $2 13. Qxf5 Ne4+ 14. Nc3 $1) (12... f6 $5 $13) (12... Nc6 $132) (12... Bg6 $132) 13. Nd4 Bg6 $2 (13... Re8 $13) (13... Nc6 $13) (13... Nd7 $13) (13... Nxc3 14. Nxf5 (14. Qxf5 Ne4+ 15. Ke2 Nc6 16. Nxc6 Qa6+ 17. Kf3 Qxc6 18. Bd3 Bxc5 19. Bxe4 dxe4+ 20. Qxe4 f6 $17 {0-1 Relange,E-Emms,J/Paris-London (04) 1994 (29)}) 14... Ne4+ 15. Kd1 Nc6 16. Bg3 Bxc5 $13 {Law,A-Ward,C/Lloyds Bank op(08) 1994 (25)}) 14. Nb3 $1 Nxc3 (14... Qa4 $6 15. Bd3) (14... Qd8 15. Bd3 Nc6 16. Bd4) 15. Bxc3 $1 $16 {Kasparov,G-Short,N/London (m/9)/1993/1-0 (52)}) 12. a3 (12. f3 $1 Nxg3 $1 (12... Nxc5 13. a3 $1 Be6 14. Rd1 Bxc3+ 15. Qxc3 Qxc3+ 16. Nxc3 O-O-O 17. Nb5 $14) (12... Nxc3 13. Nxc3 Qxc5 14. Qd2 Be6 15. a3 $14) 13. hxg3 Bxc5 (13... Qxc5 $6 14. a3 Bxc3+ 15. Qxc3 Qxc3+ 16. Nxc3 $16) 14. Qd2 Be6 15. Nd4 (15. Rd1 $2 d4 $1 16. Nxd4 Nxd4 17. exd4 O-O-O $1 $40) 15... Nxd4 16. exd4 Bb4 $6 (16... Be7 17. Bb5+ $1 Kf8 18. Ba4 $1 Bf6 19. Bb3 Kg7 20. Kf2 Rad8 21. Rad1 $14 { g4, e2-g3}) (16... Bd6 17. Bb5+ Kf8 18. Kf2 Rc8 19. Bd3 $14) 17. a3 Bxc3 (17... Rc8 $6 18. Rc1 $14) 18. Qxc3 Qxc3+ 19. bxc3 $14 {Alterman,B-Kortschnoj,V/Groningen/1993/ (40)}) (12. O-O-O $2 Bf5 $1 $17 {Etchegaray-Bogoevska/Moscow ol (14) 1994/1-0 (78)}) 12... Bf5 (12... Bxc5 $5 {Dautov} 13. O-O-O Nxg3 14. Nxg3 Be6 15. h4 g4 16. Nb5 $5 $14) 13. Qc1 Nxc5 (13... Bxc3+ 14. Nxc3 Nxc3 15. Qxc3 Qxc3+ 16. bxc3 $16) 14. axb4 Nd3+ (14... Qxb4 15. Nd4 $18) 15. Kd2 Qxb4 (15... Nxc1 16. Rxa5 Nb3+ 17. Ke1 $1 Nxb4 18. Rxd5 Nxd5 19. Nxd5 $16) 16. Ra4 (16. Qc2 Nxf2 (16... Nc5 {Dautov} 17. Qxf5 Qxb2+ 18. Ke1 (18. Qc2 Nb3+ {Dolmatov} 19. Kd1 Qxa1+ 20. Nc1) 18... Qxa1+ 19. Nd1 Ne7 20. Qc2 Ne4 $40) 17. Qxf5 Qxb2+ 18. Ke1 Nxh1 19. Rb1 Qa3 20. Rxb7 O-O 21. Nxd5 $16) 16... Nxc1 17. Rxb4 Nxe2 (17... Nxb4 18. Nxc1 $16) 18. Rxb7 Nxg3 (18... Nxc3 19. bxc3 O-O 20. h4 $16) 19. hxg3 d4 (19... Rd8 20. Bb5 Bd7 21. Nxd5 $16) 20. exd4 (20. Nb5 Rd8 21. exd4 Nxd4 22. Nxd4 Rxd4+ 23. Kc3 $16) (20. Nd5 $5 {Dolmatov} dxe3+ (20... O-O-O 21. Ba6 $16) (20... Rd8 21. e4 $14) 21. Kxe3 (21. Nxe3 $2 O-O-O+) 21... O-O (21... Rd8 22. Bb5 $1 $16) 22. Rxh6 Rfe8+ 23. Kd2 Rad8 24. Rxc6 Rxd5+ 25. Kc3 $16) 20... Nxd4 21. Nd5 (21. Bc4 $2 {Dautov} O-O-O $1 22. Rxf7 Nb3+ 23. Ke1 Rhe8+ 24. Be2 Bd3 $15) 21... Rd8 (21... Kf8 $142 {Dautov} 22. Kc3 Ne6 23. Bc4 Nc5 24. Rc7 Ne6 25. Rc6 Kg7 26. Ra1 $14) 22. Bc4 O-O (22... Nc6 23. Kc3 $16) (22... Be6 23. Nc7+ Kf8 24. Nxe6+ Nxe6+ 25. Kc3 $16) 23. Kc3 (23. Rxh6 $2 {Dautov} Be4 (23... Be6 {Dolmatov} 24. Ne7+ Kg7 $17) 24. Nf6+ Kg7 25. Nxe4 Kxh6 26. Bxf7 $10) 23... Ne2+ 24. Kb4 {e7,xh6} (24. Bxe2 {Dolmatov} Rxd5 25. Rxa7 Rc8+ 26. Bc4 Rd3+ $10) 24... Nd4 (24... Kg7 25. Rd1 Bg4 (25... Rb8 26. Rxb8 Rxb8+ 27. Ka3 Re8 28. Re1 Be6 29. Rxe2 Bxd5 30. Rxe8 Bxc4 31. g4 $18) 26. Rd2 (26. f3 {Dautov} Be6 27. Bxe2 Rxd5 28. Rxd5 Bxd5 29. Rxa7 $16) 26... Rfe8 (26... Rb8 27. Rxb8 Rxb8+ 28. Ka5 Nc1 29. Ka6 $16) 27. Rxa7 $16 {Beliavsky,A-Timman,J/Madrid (02) ,CBM 47 1995 (33)}) (24... Rb8 25. Ne7+ Kh7 26. Rxb8 Rxb8+ 27. Ka3 (27. Kc5 {Dautov} Bg4 28. Re1 Rxb2 29. f3 $16) 27... Bg4 28. Nd5 Be6 29. Rd1 Bxd5 30. Rxd5 {xe2}) 25. Ne7+ (25. Rxh6 $2 Be4 {[%cal Re4a8]} 26. Ne7+ Kg7 $17) 25... Kg7 26. Rxa7 (26. Nxf5+ Nxf5 27. Rxa7 Rd2 $132) 26... Rb8+ 27. Kc5 (27. Kc3 Nb5+ 28. Bxb5 Rxb5 {Dautov} 29. b4 (29. Nxf5+ Rxf5 30. f3 Rc8+ 31. Kb3 (31. Kd4 Rc2 $10) (31. Kd3 Rd5+) 31... Rb5+ 32. Ka3 Rc2 $10) 29... Be6 (29... Rfb8 $2 30. Ra5 Be4 31. Rxb5 Rxb5 32. f3 $16) 30. Rha1 Rfb8 (30... Kf6) 31. R1a4 Re5 $10 {} 32. Nc6 Rc8 33. R4a6 Re2) (27. Ka3 {Dautov} Nc2+ 28. Ka4 Be4 {b4,xb2}) 27... Ne6+ 28. Bxe6 $146 ({RR} 28. Kd6 Rb6+ 29. Ke5 Bh7 30. Nf5+ Bxf5 31. Kxf5 Nd4+ 32. Ke4 Nc6 33. Rc7 Re8+ 34. Kd5 Re5+ 35. Kd6 Rf5 36. Rxf7+ Rxf7 37. Bxf7 Kxf7 38. Kc5 Rxb2 39. Kxc6 Rxf2 40. Rxh6 Kg7 41. Re6 Rxg2 42. Kd5 Rxg3 {Barsov,A (2497)-Vladimirov,Y (2628) Pune 2004 ½-½ (43)}) 28... Bxe6 29. b4 Rfd8 {[%csl Re7]} 30. Re1 {[%cal Ye1e6,Ye7c6]} (30. Nc6 $4 {Dautov} Rd5+ 31. Kc4 Rc8 32. b5 Rd1+ $19) 30... Kf6 {[%cal Yd8d2]} (30... Rd2 $4 {Dautov} 31. Rxe6 Rc2+ 32. Kd4 Rd8+ 33. Ke3 Rc3+ 34. Ke4 Rc4+ 35. Ke5 fxe6 36. Nc6+ $18) 31. Rh1 (31. Re2 {Dautov} Rd3 32. Rc2 Bb3 33. Rc1 Rd2 34. Rc3 Be6 35. Rf3+ Kg7 36. Nf5+ Kh7 37. Ne3 Rc8+ 38. Kb6 Rb8+ 39. Rb7 Rxb7+ 40. Kxb7 Rb2 $10) (31. b5 {Dolmatov} Rd2) 31... Kg7 32. Re1 Kf6 33. Rh1 1/2-1/2

[Event "Kasparov-SUI sim"]
[Site "Switzerland"]
[Date "1987.??.??"]
[Round "?"]
[White "Kasparov, Garry"]
[Black "Wirthensohn, Heinz"]
[Result "1-0"]
[WhiteElo "2735"]
[BlackElo "2435"]
[PlyCount "49"]
[EventDate "1987.??.??"]
[EventType "simul"]
[EventRounds "6"]
[EventCountry "SUI"]
[SourceTitle "CBM 002"]
[Source "ChessBase"]
[SourceDate "1988.02.01"]
[SourceVersion "1"]
[SourceVersionDate "1988.02.01"]
[SourceQuality "1"]

1. d4 Nf6 2. c4 e6 3. Nc3 Bb4 4. e3 b6 5. Bd3 Bb7 6. f3 Nh5 7. Nh3 ({RR} 7. Nge2 Qh4+ 8. g3 Qe7 9. O-O O-O 10. e4 f5 11. exf5 exf5 12. Nf4 Nxf4 13. Bxf4 Bxc3 14. bxc3 d6 15. Qc2 Qf7 16. Rab1 Nd7 17. a4 a5 18. g4 fxg4 19. fxg4 h6 20. h3 Nf6 21. Bg3 Rae8 {Truskavetsky,A (2348)-Korobov,A (2662) chess.com INT 2024 0-1 (32)}) 7... f5 8. Bd2 $146 ({RR} 8. O-O Bxc3 9. bxc3 O-O 10. e4 f4 11. e5 g5 12. Be4 Nc6 13. g3 Kh8 14. Kh1 Na5 15. Rg1 fxg3 16. Bxb7 Nxb7 17. Bxg5 Qe8 18. hxg3 Qg6 19. g4 h6 20. Be3 Ng7 21. Qe2 Na5 22. Nf4 Qg5 {Donaldson Akhmilovskaya,E (2420)-Saulina,L (2200) Sochi 1987 1-0 (43)}) 8... O-O 9. Qe2 c5 10. d5 Bxc3 11. Bxc3 exd5 12. O-O-O Qe8 13. Rhg1 dxc4 14. Bxc4+ Kh8 15. g4 fxg4 16. Rxg4 Nf6 17. Rdg1 Nxg4 18. Rxg4 Rf6 19. Bxf6 gxf6 20. Rg8+ Qxg8 21. Bxg8 Kxg8 22. Qc4+ Kf8 23. Qh4 Kg7 24. Nf4 Nc6 25. Nh5+ 1-0